Homer Simpson, Hercule Poirot ou les deux ? - Statistiques

Statistiques générales
  • Ce quiz a été pris 74 fois
  • Le résultat moyen est 8 sur 10
Statistiques - réponses
Question Réponse % Correct
Possède la nationalité belge. Hercule Poirot
100%
A des enfants. Homer Simpson
99%
A son prénom commençant par un "H". Les deux
97%
Porte une moustache. Hercule Poirot
93%
A un travail. Les deux
91%
A des amis. Les deux
87%
A déjà pris le train. Les deux
85%
A déjà mangé un donut. Homer Simpson
76%
Possède une voiture personnelle. Homer Simpson
60%
A visité plus de 10 pays. Les deux
58%
Aucun quiz correspondant
Distribution des résultats
% des personnes avec chaque résultat
Percentile par nombre de réponses
Votre historique - résultats
Vous n’avez pas pris ce quiz